Year of the hosrse Vietnam / (Record no. 187348)
[ view plain ]
| 000 -LEADER | |
|---|---|
| fixed length control field | 00988 a2200181 4500 |
| 003 - CONTROL NUMBER IDENTIFIER | |
| control field | Nust |
| 005 - DATE AND TIME OF LATEST TRANSACTION | |
| control field | 20230504102341.0 |
| 040 ## - CATALOGING SOURCE | |
| Transcribing agency | Nust |
| 082 ## - DEWEY DECIMAL CLASSIFICATION NUMBER | |
| Classification number | 959.7043,MER |
| 100 ## - MAIN ENTRY--PERSONAL NAME | |
| Personal name | Mertel Colonel Kenneth D |
| 9 (RLIN) | 112085 |
| 245 ## - TITLE STATEMENT | |
| Title | Year of the hosrse Vietnam / |
| Statement of responsibility, etc. | Colonel Kenneth D. Mertel |
| 260 ## - PUBLICATION, DISTRIBUTION, ETC. | |
| Place of publication, distribution, etc. | New York, |
| Name of publisher, distributor, etc. | Exposition, |
| Date of publication, distribution, etc. | 1968. |
| 300 ## - PHYSICAL DESCRIPTION | |
| Extent | viii, 380p. |
| 505 ## - FORMATTED CONTENTS NOTE | |
| Formatted contents note | The New Ist air Cavalry Division (Page-3), Shipboard (Page-32), Arrival in Vietnam _ Green Trace (Page-49), First Air Assault (Page-72), Ben Khe Air Assault (Page-94), Plei Mei/Pleiku (Page-119), Highway 19 (Page-140), Back to Plei Mei (Page-152), The Battle of an Khe South (Page-176), First Blood (Page-195), Christmas , Vietnam -1965 (Page-230), On the Cambodian Border (Page-247), China Sea Coast – Bong Son (Page-275), Tarzan – Jim Bowie (Page-321), Drive on – All The Way (Page-345). |
| 600 ## - SUBJECT ADDED ENTRY--PERSONAL NAME | |
| Personal name | Colonel Kenneth D.Mertel |
| 9 (RLIN) | 112086 |
| 650 ## - SUBJECT ADDED ENTRY--TOPICAL TERM | |
| Topical term or geographic name entry element | Horse Vietnam |
| 9 (RLIN) | 112087 |
| 942 ## - ADDED ENTRY ELEMENTS (KOHA) | |
| Source of classification or shelving scheme | |
| Koha item type | Book |
| Call number prefix | 959.7043,MER |
| Withdrawn status | Lost status | Source of classification or shelving scheme | Damaged status | Not for loan | Permanent Location | Current Location | Shelving location | Date acquired | Full call number | Barcode | Date last seen | Price effective from | Koha item type | Public note |
|---|---|---|---|---|---|---|---|---|---|---|---|---|---|---|
| Military College of Signals (MCS) | Military College of Signals (MCS) | General Stacks | 12/12/2016 | 959.7043,MER | MCS21691 | 12/08/2016 | 12/12/2016 | Book | Almirah No. 75, Shelf No. 8 |
